000 00657nam a2200205 i 4500
001 124301
003 ES-MaACL
005 20250804054029.0
007 t|
008 070525s1962 sp ||||1| cat d
080 _a248.1
100 1 _aLanza del Vasto, Joseph Jean,
_d1901-1981
_970122
245 1 0 _aPrincipis i preceptes del retorn a l' evidência /
_cLanza del Vasto ; versió catalana de Montserrat Bertrán.
260 _aBarcelona :
_bOssa Menor,
_c1962.
300 _a168 p. ;
_c22 cm.
650 1 7 _aVida cristiana
_2embne
_917790
700 1 _aBertrán, Montserrat.
_928500
852 _aES-MaACL
_jC-19099
999 _c124301
_d124301